000 04101cam a22008174i 4500
003 PE-LiUPU
005 20250731170418.0
008 170802s2016 ag a rb 000 0 spa d
020 _a9875917346
020 _a9789875917347
035 _a(Sirsi) a238126
040 _aPE-LiUPU
_bspa
_cPE-LiUPU
_erda
049 _aPRUA
082 0 4 _a155.2
_bS63
082 0 4 _a155.2
_bS63 2016
082 0 4 _a150
_bS63
_223
100 1 _aSoave, Mónica A.,
_eautor.
245 1 0 _aManual de técnica proyectivas /
_cMónica A. Soave [y otros seis].
250 _a1ra edición, [reimpresión y corrección 2017].
264 1 _aCórdoba, Argentina :
_bBrujas,
_c2016.
300 _a253 páginas :
_bilustraciones ;
_c25 centímetros.
336 _atext
_2rdacontent
337 _aunmediated
_2rdamedia
338 _avolume
_2rdacarrier
504 _aBibliografía al final de cada capítulo.
505 0 _aLos métodos proyectivos -- Test de figura hermana -- Test de la casa- árbol- persona -- Test de la persona bajo la lluvia -- Cuestionario desiderativo -- Aproximación al test de relaciones objetales de Herbert Phillipson -- Aportes a la interpretación del test de relaciones objetas de Phillipson.
526 _aSEG68
526 _aSEG70
526 _aSEG69
526 _aSEG67
526 _aSEG43
526 _aP144
526 _aP143
526 _aP131
526 _aP122
526 _aP120
526 _aP117
526 _aP112
526 _aP110
526 _aP106
526 _aP101
526 _aP80
526 _aP59
526 _aP54
526 _aP35
526 _aP33
526 _aP30
541 _g0020-0002813;
541 _gF002-00000832;
541 _g057-0002047;
541 _g002-00001571;
650 0 4 _aPsicología.
_95567
700 1 _aHuespe, Teresa,
_eautor.
700 1 _aVillagra, Liliana,
_eautor.
910 _armch
_btqv
_cjfb
_d20190124
910 _armch
_btqv
_cwelc
_d20170802
910 _abgr
_bksl
_cksl
_d20190812
942 _2ddc
_cBOOK
949 _a155.2 S63 2016
_wDEWEY
_c4
_iFJ12447
_lCCODEBUJ1
_mBUJ
_p21.00
_r0
_sY
_tBOOK
_u2017-01-24
_xSALUD
_PP33
_0COMPRA
_o.STAFF. Colección General Juliaca
949 _a155.2 S63 2016
_wDEWEY
_c1
_iFJ08360
_lCCODEBUJ1
_mBUJ
_p23.70
_r0
_sY
_tBOOK
_u2017-08-02
_xSALUD
_PP33
_0COMPRA
_o.STAFF. Colección General Juliaca
949 _a155.2 S63 2016
_wDEWEY
_c2
_iFJ10430
_lCCODEBUJ1
_mBUJ
_p16.92
_r0
_sY
_tBOOK
_u2018-02-22
_xSALUD
_PP33
_0COMPRA
_o.STAFF. Colección General Juliaca
949 _a155.2 S63 2016
_wDEWEY
_c3
_iFJ10431
_lCCODEBUJ1
_mBUJ
_p16.92
_r0
_sY
_tBOOK
_u2018-02-22
_xSALUD
_PP33
_0COMPRA
_o.STAFF. Colección General Juliaca
994 _aC0
_bPEPRU
596 _a1 3
999 _a155.2 S63 2016
_wDEWEY
_c24837
_iFJ08360
_d24837
_e2018-11-14
_f2022-1-17
_g4
_lCCODEBUJ1
_mBUJ
_n8
_p23.70
_q8
_r0
_sY
_tBOOK
_u2017-8-2
_xSALUD
_zP33
_0COMPRA
_o.STAFF. Colección General Juliaca
999 _a155.2 S63 2016
_wDEWEY
_c2
_iFJ10430
_d2019-3-11
_e2019-3-8
_f2022-1-17
_g3
_lCCODEBUJ1
_mBUJ
_n2
_p16.92
_q2
_r0
_sY
_tBOOK
_u2018-2-22
_xSALUD
_zP33
_0COMPRA
_o.STAFF. Colección General Juliaca
999 _a155.2 S63 2016
_wDEWEY
_c3
_iFJ10431
_d2019-8-19
_e2019-6-18
_f2022-1-17
_g3
_lCCODEBUJ1
_mBUJ
_n5
_p16.92
_q5
_r0
_sY
_tBOOK
_u2018-2-22
_xSALUD
_zP33
_0COMPRA
_o.STAFF. Colección General Juliaca
999 _a155.2 S63 2016
_wDEWEY
_c4
_iFJ12447
_f2022-1-17
_g3
_lCCODEBUJ1
_mBUJ
_p21.00
_r0
_sY
_tBOOK
_u2019-1-24
_xSALUD
_zP33
_0COMPRA
_1FCOMPR2
_2UNKNOWN
_o.STAFF. Colección General Juliaca
999 _a150 S63
_wDEWEY
_c1
_i80522
_f2021-11-3
_g3
_lCCODEBUL1
_mBUL
_p18.93
_r0
_sY
_tBOOK
_u2019-8-13
_xSALUD
_zP33
_0COMPRA
_1FCOMPR3
_o.STAFF. Colección Ciencias de la Salud
999 _a150 S63
_wDEWEY
_c2
_i80537
_f2021-11-3
_g3
_lCCODEBUL1
_mBUL
_p18.93
_r0
_sY
_tBOOK
_u2019-8-13
_xSALUD
_zP33
_0COMPRA
_1FCOMPR3
_o.STAFF. Colección Ciencias de la Salud
980 _81
_gALBERTO SANCHEZ Responsable de Automatización